000 01246cad a22002415a 4500
001 E149543
008 100318s2010 xxk f u 001 0 eng d
035 _a(Sirsi) u149543
041 0 _aeng
050 0 4 _a333.332091 $2 18
110 2 _aInternational Valuation Standards Council
_95828
245 0 0 _aGuidance note 4
_bvaluation of intangible assets (revised 2010)
_h[electronic resource]
260 _aLondon
_bIVSC
_c2010
490 0 _aISVC Guidance Notes
505 2 _aIntroduction and scope -- Definitions -- Types of intangible assets -- Valuation approaches and methods -- Valuation inputs -- Reporting the valuation -- Effective date
520 _aGives internationally recognised principles under which valuations of intangible assets are carried out and discusses the main approaches and methods that are used for valuing this type of asset. Effective from 1 March 2010.
520 _aSupersedes previous edition included in the International Valuation Standards 2007 (ISBN 9780922154944).
590 _aKA NTK
651 4 _aInternational
690 _aPROPERTY-PROPERTY APPRAISAL AND VALUATION
856 4 0 _uhttps://www.ivsc.org/pubs/gn4-2010.pdf
_zView the guidance free of charge (PDF file) at www.ivsc.org
942 _n0
999 _c110530
_d110530